[Event "Shamkir Chess"]
[Site "?"]
[Date "2018.04.25"]
[Round "6.4"]
[White "Topalov, Veselin"]
[Black "Mamedov, Rauf"]
[Result "1/2-1/2"]
[WhiteElo "2749"]
[BlackElo "2704"]
[EventDate "2018.??.??"]
[Annotator "Bojkov,Dejan"]
[PlyCount "81"]
[Beauty "6116972962841"]
[EventType "schev"]
[EventRounds "3"]

1.e4 c5 2.Nf3 Nc6 3.d4 cxd4 4.Nxd4 Nf6 5.Nc3 e5 {The Sveshnikov Sicilian. Once condemned as strategically flawed, nowadays it is considered a solid opening choice. Boris Gelfand, for instance, successfully solved the problem of the black color in his match against Vishy Anand.} 6.Ndb5 d6 7.Bg5 a6 8.Na3 b5 9.Bxf6 gxf6 10.Nd5 f5 11.Bd3 Be6 12.O-O Bxd5 13.exd5 Ne7 14.Re1 Bg7 15.c3 O-O 16.Nc2 Re8 17.Qh5 e4 18.Bf1 Nxd5 19.Qxf5 Re5 20.Qh3 Qb6 {One of the reasons behind the solid reputation of the Sveshnikov Sicilian lies in the fact that everything is very forced and deeply explored.} ( {Mamedov chose a different square for the queen less than month ago:} 20...Qf6 {and drew after} 21.a4 Nf4 22.Qd7 Rd8 23.Qb7 Qh4 24.g3 Nh3+ 25.Bxh3 Qxh3 26.Ne3 Bh6 27.Qxa6 f5 28.Rad1 f4 29.Rxd6 Rxd6 30.Qxd6 fxe3 31.Qxe5 exf2+ 32.Kxf2 Qxh2+ 33.Kf1 Qh1+ 34.Kf2 Qh2+ {1/2-1/2 (34) Sjugirov,S (2652) -Mamedov,R (2709) Batumi 2018} ) 21.Rad1 Rae8 {"My coach told me that Topalov will play very aggressively. When he put the rook on d1 I thought he wants to sacrifice the exchange, but did not believe he will." (Mamedov)} 22.Rxe4 $1 $146 {Topalov, as a master of the exchange sacrifice, did not need to be asked twice. "A good lesson for me." (Mamedov)} ( {A predecessor saw colorless draw after:} 22.Rd4 R8e6 23.Qg4 h5 24.Qd1 Rf5 25.Rd2 {1/2-1/2 (25) Szczepanski, Z (2514)-Mokrys,C (2486) ICCF email 2015} ) 22...Rxe4 23.Rxd5 {For the exchange White has a pawn, better pawn structure, but what is more important- a lot of improving ideas.} 23...h6 {This takes the g5 square under control and opens some air for the king. The drawback of the move is that it deprives the bishop of the h6-c1 diagonal.} ( {The lack of "luft" can be seen in a line like:} 23...R4e5 {Topalov believed this was Black's best.} 24.Rd1 a5 25.a3 Re2 $2 {Double attack, which fails tactically after} ( 25...h5 {seems better, but looks happier after say} 26.Qd3 ) 26.Bxe2 Rxe2 27.Qc8+ Bf8 28.Qg4+ {counter-double attack.} ) 24.Qd3 R8e6 25.g3 R4e5 26.Bg2 ( {Later White regretted that he did not start with the prophylactic} 26.a3 $1 Rf6 ( 26...h5 27.Bg2 ) 27.Ne3 {For example:} 27...h5 28.Bg2 Bh6 29.Rxe5 dxe5 30.Nf5 Bc1 {(Topalov, Mamedov) and now} 31.Qd7 $1 {is indeed better for the first player as} 31...Bxb2 $2 {loses to} 32.Qe8+ Kh7 33.Be4 {with mating attack.} ) 26...b4 $1 {Mamedov needs counterplay asap. Otherwise White will simply do all the preparatory moves line a2-a3, Nc2-e3-f5 and will totally dominate.} 27.cxb4 ( {Another option was pointed out by Topalov:} 27.Rxe5 dxe5 ( {Mamedov planned instead} 27...Bxe5 28.Nxb4 ( 28.cxb4 ) ( {However} 28.Bd5 Rf6 29.Ne3 {looks better for White.} ) 28...a5 {which is indeed OK for Black.} ) 28.Bd5 bxc3 29.bxc3 {and here Black holds on his own with} 29...e4 $1 30.Bxe4 Bxc3 ) ( {If} 27.c4 Re2 28.Rf5 {Black can sacrifice back the exchange with} 28...Rxc2 29.Qxc2 Re1+ 30.Bf1 Qd4 {where the more active black bishop should compensate him for the pawn.} ) 27...Re2 28.Rf5 Qc7 {This is what the sacrifice was about: the heavy pieces get into the white camp.} 29.Ne3 Qc1+ 30.Bf1 ( {Topalov missed from afar} 30.Nf1 Qc2 $1 {and the only one to worry about his position is White.} ( {Less convincing was Mamedov's idea} 30...Qxb2 31.Bd5 Re7 32.Rf4 ( 32.Qf3 $2 Rxf2 $1 ) 32...Kh8 {when White is better after} 33.Qxa6 ) ) 30...Rxb2 31.a3 ( {To a beautiful draw leads:} 31.Qxa6 Rxe3 $1 32.Qa8+ $1 ( {But not:} 32.fxe3 $4 Qxe3+ 33.Kh1 Qe4+ 34.Kg1 Bd4+ 35.Rf2 Bxf2# ) 32...Kh7 33.fxe3 Qc2 34.Bg2 Qxf5 35.Be4 Rb1+ 36.Kg2 Rb2+ ) 31...Ra2 ( 31...Qd2 {might have been more precise.} ) 32.Qd5 Rxa3 33.Kg2 Raxe3 {Liquidates into an opposite-colored bishop endgame.} ( {Retreats like} 33...Qc7 34.Bc4 $1 {would be wrong as White can easily build attack on the color of his own bishop.} ) 34.fxe3 Qxe3 35.Bxa6 {In slight time-trouble Topalov forces the draw.} ( {The former world champion did not trust his chances after} 35.Bd3 $1 {but this was his best try. For example} 35...Qd2+ ( 35...Bd4 36.Rf3 $1 ) ( 35...Rf6 $4 {loses on the spot after} 36.Qa8+ ) ( {Still, the impression is that Black should hold, say after} 35...Qa7 ) 36.Kh3 Qxb4 37.Bc4 ( {Or} 37.Qa8+ Bf8 38.Qf3 ) ) 35...Qe4+ 36.Qxe4 Rxe4 37.Rb5 Kf8 38.Bb7 Re2+ 39.Kh3 Bd4 40.Bf3 Rb2 41.Rd5 ( 41.Rb8+ Ke7 42.b5 f5 {ith the threat Bd4-g1 is unpleasant for White.} ) 1/2-1/2

[Event "Shamkir Chess"]
[Site "?"]
[Date "2018.04.27"]
[Round "8.3"]
[White "Giri, Anish"]
[Black "Carlsen, Magnus"]
[Result "0-1"]
[WhiteElo "2777"]
[BlackElo "2843"]
[EventDate "2018.??.??"]
[Annotator "Bojkov,Dejan"]
[PlyCount "86"]
[Beauty "7427072199696"]
[EventType "schev"]
[EventRounds "3"]

1.c4 e5 2.Nc3 Nf6 3.Nf3 Nc6 4.g3 d5 5.cxd5 Nxd5 6.Bg2 Nb6 7.O-O Be7 8.a3 a5 9.d3 O-O 10.Be3 Be6 11.Rc1 a4 12.Nd2 f5 13.Bxb6 cxb6 14.Nxa4 Bg5 15.Nc3 e4 {Up to here this had all been seen in the game Nepomniachtchi-Aronian. Both players knew the game, but Giri revealed that he did not intend to follow it, but found all the moves so far logical.} 16.Kh1 $146 {A novelty.} ( {That predecessor saw:} 16.Rb1 Ne5 17.Nb3 Ng4 18.Qc2 Be3 19.dxe4 Qg5 {and the game became "very dirty" according to the Dutch GM, Nepomniachtchi,I (2742)-Aronian,L (2809) Geneva 2017} ) 16...Qd7 {Carlsen liked the position and the initiative that he got for the pawn. He also said that the majority of the players will prefer to have the initiative here, rather than the pawn.} 17.Rb1 Rad8 {Ineed Black has obvious moves and pressure along the open files.} 18.Nc4 Qf7 ( {Weaker was:} 18...exd3 19.exd3 Qf7 20.f4 ) 19.b3 ( {On} 19.Qa4 {Black planned to play in analogue to the game} 19...exd3 20.exd3 f4 ( {Although} 20...Rxd3 {is possible as well.} ) ) 19...exd3 20.exd3 f4 21.Ne4 Be7 22.gxf4 $1 ( {Or else the pawn will come in a striking proximity to the white king after} 22.Re1 f3 23.Bf1 Qh5 ) 22...Qxf4 23.a4 {Giri managed to stabilize the situation. The knights are solidly placed in the center and control a lot of squares. But Carlsen can attack on the dark squares. A lot of weaknesses have been created into White's position, with the h2 pawn being a particularly weak one.} 23...Nb4 24.Qe2 Qh6 {Carlsen keeps mounting pressure.} ( {Cashing out too soon may lead to drawish positions after} 24...Nxd3 25.Rbd1 Nb4 26.Rxd8 Bxd8 27.Ned6 Bd7 28.Bxb7 ) ( {Or} 24...Rxd3 25.Ng5 Bxc4 26.Qxe7 ) 25.Rbd1 ( {The world champion expected instead:} 25.Qe3 Qxe3 26.fxe3 {when he has a pleasant choice between:} 26...Rxd3 {"It's more ugly than bad, I thought." (Carlsen)} ( {Or} 26...Rxf1+ 27.Bxf1 Nxd3 ) ) ( 25.Bf3 Nxd3 ) 25...Nd5 26.Rg1 ( 26.Bf3 {looks worse after} 26...Nf4 ( 26...Rf4 $5 ) 27.Qe3 Qh3 {for example} 28.Rg1 Nd5 29.Bg2 Nxe3 30.Bxh3 Bxc4 31.bxc4 Nxd1 {and Black wins the exchange.} ) 26...Kh8 ( {The immediate} 26...Rf4 $5 {was also OK.} ) 27.Bf1 Rf4 {Shifting more pieces towards the kingside.} 28.Ne5 {White also prepares for the battle on the right part of the board.} 28...Rdf8 ( {To me the immediate} 28...Rh4 {looks more precise as after} 29.f3 {Black has the additional resource} 29...Ne3 30.Rd2 Nf5 {with advantage.} ) 29.f3 Rh4 30.d4 {Both white knights are perfect but Carlsen keeps playing around them.} 30...Nf4 ( {If} 30...Qf4 31.Qg2 ) 31.Qd2 Bxb3 {Finally grabbing some pawns in return for the activity.} 32.Rb1 Bxa4 33.Bb5 $1 {But everything comes with a price. Giri gets rid of the powerful bishop and keeps his good pieces on board.} 33...Bxb5 34.Rxb5 Qe6 {Carlsen intends to bring the bishop to c7 to attack the h2 pawn again.} ( 34...Bd8 35.d5 $1 ) 35.Qb2 {At the press conference Giri felt that he has good chances to hold if he just stays.} ( {This might indeed be the case, but he has to do it extremely carefully. A good set up seems} 35.Rgb1 Bd8 36.Re1 $1 {The point is that} 36...Bc7 {can be met with} ( {And} 36...Qh6 $4 {even loses to} 37.Ng5 $1 Bxg5 38.Nf7+ $1 ) 37.Ng5 ) 35...Bd8 36.Ng5 {This makes things easier for Black.} ( {But it is not certain that White can survive after} 36.Qd2 Bc7 37.Rc1 Qe8 ) 36...Qe8 $1 {Missed by Giri.} 37.Rb3 ( {The last chance according to Giri was} 37.d5 {but this loses to} 37...Rh5 $1 ( {Not} 37...Bf6 38.d6 Nd3 39.d7 Nxb2 40.dxe8=Q Rxe8 41.Rxb2 Bxe5 42.Re2 {with a likely draw.} ) 38.Ne6 Bf6 $1 {and Black wins.} ( {Again Black needs to be careful-} 38...Nxe6 39.dxe6 Bf6 40.Nf7+ {gives the advantage to White.} ) ) 37...Bxg5 38.Rxg5 Ne6 {Also missed by White. Now it all ends quickly.} 39.Rg4 Rxg4 40.fxg4 Qd8 41.Rh3 ( {Only here did White realize that} 41.Rd3 {is neatly refuted after} 41...Qd5+ 42.Kg1 Rf1+ $1 43.Kxf1 Qh1+ 44.Kf2 Qxh2+ ) ( {The pawn endgame is also lost after} 41.Rf3 Rxf3 ( 41...Qd5 42.Qb3 ) 42.Nxf3 Qd5 43.Kg2 Ng5 44.Qe2 Qxf3+ 45.Qxf3 Nxf3 46.Kxf3 Kg8 {due to the distant passed pawn(s).} ) 41...Qd5+ 42.Kg1 Qe4 43.Qb4 Rf6 0-1

[Event "Shamkir Chess"]
[Site "?"]
[Date "2018.04.28"]
[Round "9.4"]
[White "Karjakin, Sergey"]
[Black "Topalov, Veselin"]
[Result "1-0"]
[WhiteElo "2778"]
[BlackElo "2749"]
[EventDate "2018.??.??"]
[Annotator "Bojkov,Dejan"]
[PlyCount "97"]
[Beauty "7078642974749"]
[EventType "schev"]
[EventRounds "3"]

1.e4 e5 2.Nf3 Nc6 3.Bc4 Bc5 4.d3 Nf6 5.Nc3 {Quite a rare line at a top level. This position occurs very often at children tournaments when both sides try to develop as quickly as possible.} 5...d6 6.Na4 Bb6 ( {Copycat play leads to trouble after} 6...Na5 7.Nxc5 Nxc4 8.dxc4 dxc5 9.Qxd8+ ) 7.a3 {To save the light-squared bishop.} 7...O-O ( {Instead:} 7...h6 8.h3 O-O 9.O-O Be6 10.Re1 Bxc4 11.dxc4 Nd4 {was the course of the game Artemiev,V (2691) -Mamedyarov,S (2799) Huaian 2017} ) 8.O-O Ne7 9.Nxb6 axb6 {Black is not too concerned of the bishop pair loss as his remaining pieces are quite good.} 10.Bg5 $146 {A novelty.} ( 10.h3 Ng6 11.Be3 h6 12.Qd2 {Parel,K-Lau,J (1785) England 2014} ) 10...Be6 ( {More principled was the line:} 10...Ng6 11.Nh4 Nxh4 12.Bxh4 h6 {Now} 13.f4 {aims to refute Black's strategy, but it does not work:} ( {After} 13.f3 {"White is slightly better but nothing so special" (Karjakin)} ) 13...exf4 14.Rxf4 g5 15.Qf3 gxf4 16.Rf1 ( {Or} 16.Qxf4 Nh5 17.Bxf7+ Rxf7 18.Qxf7+ Kxf7 19.Bxd8 Bg4 {is good for Black.} ) 16...Be6 {(Topalov)} ( {Or even better} 16...d5 $1 {with the idea} 17.Bxd5 Qd6 ) ) 11.Bxf6 gxf6 12.Nh4 {Now White gets slightly better chances as his opponent cannot easily get rid of all the weaknesses.} 12...d5 ( {On} 12...Ng6 {White planned:} 13.Qh5 ( 13.Nf5 $5 {is also interesting.} ) 13...Nxh4 14.Qxh4 f5 15.Qg3+ Kh8 16.exf5 Bxf5 17.f4 e4 18.dxe4 Bxe4 19.Qc3+ f6 {White is slightly better here.} ) 13.exd5 Nxd5 14.d4 {Karjakin was not sure that this was the right way.} ( {Instead he suggested the more careful improvement with} 14.g3 $5 {Intending Qd1-d2 and later f2-f4 or d3-d4.} ) 14...c6 {"Just waste of time." (Topalov)} ( {Correct was:} 14...Nc3 $1 {with the tactical point} 15.Qd3 ( 15.bxc3 Bxc4 16.Re1 Kh8 {looks approximately balanced.} ) 15...Qxd4 $1 ( {But not} 15...Bxc4 {hoping for} 16.Qxc4 Qxd4 $1 17.Qxd4 ( {However here White preserves the advantage with} 17.Qxc3 Qxh4 18.Qxc7 ) 17...Ne2+ ) 16.Qxd4 exd4 17.Bxe6 Ne2+ 18.Kh1 fxe6 19.Rfe1 d3 $1 20.cxd3 Nd4 {and Black is even better.} ) 15.Re1 b5 16.Bxd5 cxd5 17.Qh5 e4 18.f3 {Karjakin later regretted that he allowed counterplay.} ( {More technical was} 18.c3 $1 {with the unstoppable f2-f3! next.} ) 18...b4 $1 {Topalov had a vivid memory of his game against Mamedov and used the same idea.} 19.fxe4 ( 19.axb4 Rxa1 20.Rxa1 Qc7 21.c3 Qf4 {brings hopes for Black, although White should still preserve some edge with} 22.fxe4 dxe4 23.Rf1 Qe3+ 24.Kh1 Qg5 25.Qxg5+ fxg5 26.Nf5 Ra8 27.Kg1 ) 19...dxe4 20.Rxe4 Ra5 21.Qh6 Qd5 ( {The middlegame is far more dangerous for Black than the endgame:} 21...bxa3 22.bxa3 Qd5 23.Rf4 Rc8 24.Qxf6 Rxc2 $2 25.Re1 Rxa3 26.Rg4+ Bxg4 27.Re8# {Both players considered this line.} ) 22.Rf4 bxa3 23.bxa3 Qg5 24.Qxf6 Qxf6 25.Rxf6 {White won two pawns but the activity of the remaining black pieces helps him gain one back.} 25...Rc8 26.Rf2 b5 27.Rd2 b4 28.a4 Bd7 29.Kf2 Rxa4 30.Rb1 Rc4 ( {Perhaps Black should have traded more pawns with} 30...Ra2 31.Rxb4 Rcxc2 32.Rxc2 Rxc2+ 33.Ke3 {and now} 33...Kf8 {with chances for a draw.} ( {Rather than} 33...Bc6 $2 34.Rb8+ Kg7 35.Rc8 {where White wins.} ) ) 31.Rb2 Kf8 32.g3 {White kept an extra pawn, but since both black rooks are active and since the bishop is the better minor piece Black has hopes of saving the game.} 32...Bh3 33.Nf3 {First and foremost, Karjakin needs to improve his knight and king in order to either get rid of the black rooks, or support his passer.} 33...f6 34.Ke3 ( 34.Ne1 $5 {(Karjakin) might have been more precise to start with.} ) 34...Bg4 {Only helps White improve his knight. Topalov was low on time.} ( {The Russian GM considered} 34...Ke7 {more resilient.} ) ( {Or even} 34...Ra3+ 35.Kf4 h5 ) 35.Ne1 Ke7 36.Ng2 Bh3 ( {After} 36...Kd6 37.Kf2 Bd7 {White regroups with} 38.Ne3 Rc3 39.Rd1 ) 37.Nf4 Be6 38.d5 {Making a solid step towards the win.} 38...Bf5 ( {If} 38...Bf7 39.Rd4 Rxd4 40.Kxd4 Kd6 41.Kc4 {wins for White.} ) 39.d6+ Kd8 40.Nd5 Ra3+ 41.Kf2 Be4 42.Nb6 ( 42.Nxb4 {was not bad neither after} 42...Kd7 43.Nd5 {(Topalov)} ) 42...Rc5 ( {The last chance was} 42...Rcc3 43.Rxb4 Rf3+ 44.Ke1 Rfe3+ 45.Re2 Rxe2+ 46.Kxe2 Bxc2 {and if} 47.Rc4 $2 ( {Although White should still win with} 47.Nd5 Kd7 48.Rd4 $1 ) 47...Bd3+ ) 43.Rxb4 {The rest is a matter of technique.} 43...Rh5 44.Ke1 Bc6 45.Re2 Ra6 46.c4 Ra1+ 47.Kd2 Rf5 48.Re7 Ra2+ 49.Kc3 1-0

[Event "Shamkir2018"]
[Site "?"]
[Date "2018.04.19"]
[Round "1.1"]
[White "Navara, David"]
[Black "Mamedov, Rauf"]
[Result "*"]
[WhiteElo "2745"]
[BlackElo "2704"]
[EventDate "2018.??.??"]
[Annotator "Bojkov,Dejan"]
[PlyCount "78"]
[Beauty "6189584760401"]
[EventType "schev"]
[EventRounds "2"]
[WhiteClock "1:49:11"]
[BlackClock "0:36:52"]

1.e4 c5 2.Nf3 Nc6 3.Nc3 g6 4.d4 cxd4 5.Nxd4 Bg7 6.Be3 Nf6 7.Bc4 O-O 8.Bb3 Re8 ( {Another option is:} 8...a6 9.O-O d6 10.h3 Na5 11.Qd3 b5 12.Nd5 {Wei,Y (2734)-Shankland,S (2671) Liaocheng 2018} ) 9.f3 e6 10.f4 d6 11.Ndb5 Bf8 12.Qf3 a6 13.Nd4 Na5 14.O-O b5 ( {A predecessor saw the sharp continuation:} 14...Bg7 15.e5 Nd7 16.exd6 Nb6 17.Rad1 Nbc4 18.Bxc4 Nxc4 19.Qe2 Nxb2 20.Rb1 Qxd6 21.Rxb2 Bxd4 22.Rd1 Bxe3+ 23.Qxe3 {with compensation for a pawn, Dobrica,D (2379)-Sitorus,Y (2261) corr. 2016} ) 15.f5 ( 15.e5 $2 Bb7 ) 15...exf5 ( 15...Nxb3 {loses material after} 16.axb3 exf5 17.exf5 ) 16.exf5 Bb7 17.Bxf7+ ( {There was another interesting sacrifice instead:} 17.fxg6 Bxf3 18.gxf7+ Kh8 19.fxe8=Q {but Black seems to do fine after} 19...Qxe8 20.Rxf3 Nxb3 21.axb3 Ng4 ) ( {Timid retreats give the initiative to Black:} 17.Qg3 Nxb3 18.axb3 b4 19.Nce2 Qe7 {with advantage for the second player thanks to the bishop pair and the control on the dark squares.} ) 17...Kxf7 18.Qg3 ( {On} 18.Qf2 {Black most likely planned} 18...Bg7 ( {But not} 18...Ng4 $4 19.fxg6+ Kxg6 20.Qf7# ) ) 18...Bg7 ( {It is suicidal to invite the white pieces into the black castle:} 18...gxf5 19.Nxf5 ) 19.fxg6+ hxg6 20.Bg5 Nc6 ( {Apparently, the king cannot go back:} 20...Kg8 $2 21.Bxf6 Bxf6 22.Qxg6+ Bg7 23.Rf7 ) ( {If Black counter-pins with} 20...Qb6 $2 {He would lose his own queen after} 21.Bxf6 Bxf6 22.Rxf6+ $1 Kxf6 23.Qf2+ {Ambush!} 23...Ke7 24.Nf5+ ) ( {The other serious defensive try was} 20...Re5 {when White can mount pressure with} 21.Rf4 ( {Or choose the forcing line} 21.Rxf6+ Bxf6 22.Rf1 Rxg5 23.Qxg5 {when things might end surprisingly peacefully after say} 23...Qe7 24.Nd5 Bxd5 25.Qxd5+ Kg7 26.Ne6+ Kh7 ( 26...Kh6 27.Rf3 ) 27.Ng5+ Kg7 28.Ne6+ ) ) 21.Rxf6+ $1 {So does White, with a tempo. The sleeping rook on a1 is joining the battle.} 21...Bxf6 22.Rf1 Nxd4 23.Bxf6 Qxf6 $1 {Mamedov should have seen this in advance.} 24.Rxf6+ Kxf6 25.Qh4+ Ke5 {This one too. It seems as Navara will checkmate in a minute, but the limited material he owes does not give him this chance. At the same time he shouldnot forget that he is down a piece.} 26.Qh7 Bxg2 ( {In case of} 26...b4 {the in-between check} 27.Qg7+ $1 {will give White the chance to restore the material balance-} ( {He should avoid though} 27.Qxb7 $2 bxc3 28.bxc3 Ne6 {when Black consolidets and should later win.} ) 27...Kf5 ( {Or} 27...Ke6 28.Qxb7 bxc3 29.Qe4+ ) 28.Qxb7 bxc3 29.Qd5+ Re5 30.Qxd4 cxb2 31.Qxb2 {it is doubtful though that White has realistic winning chances.} ) 27.Qg7+ {Again this little check!} ( {Black has nothing to worry after} 27.Kxg2 Nf5 28.Qb7 Rf8 29.Qe4+ Kf6 30.Nd5+ Kf7 ) 27...Ke6 28.Qxg6+ {Again in-between-pawn-grab-this-time.} ( {Also possible was} 28.Kxg2 Nf5 29.Qxg6+ Ke5 {although here the opened position of the white king makes the position very double-edged.} ) ( {Black should be OK after} 28.Qxd4 Bc6 ) 28...Kd7 29.Qg7+ Ke6 ( {Navara expected} 29...Re7 30.Qxg2 Rb8 {with approximate equality once again due to the weakness of the white king.} ) 30.Qxd4 Rg8 31.Kf2 Raf8+ 32.Ke3 Rg5 $1 {An important maneuver. The rooks are shifted to torture the white king.} ( {Bad was} 32...Rf5 33.Ne2 Re5+ 34.Kd2 Rd5 35.Nf4+ {(Navara)} ) 33.Qb6 ( {Perhaps White should have tried} 33.h4 Re5+ 34.Kd2 Bf3 ( 34...b4 35.Qg4+ ) ) 33...Rc5 34.Ne2 ( {White is playing with fire after} 34.Qxa6 Rf3+ 35.Kd2 ( {Say} 35.Ke2 $2 {loses to} 35...b4 36.Ne4 Bf1+ ) 35...Rf2+ {when Black has at least perpetual check.} ) 34...Rf3+ 35.Kd2 Rf2 {The pin leave White no winning chances. Navara forced the draw after:} 36.Ke3 Rf3+ 37.Kd2 Rf2 38.Ke3 Rf3+ 39.Kd2 Rf2 *